000 00797nam a2200241Ia 4500
003 OSt
005 20221005112751.0
006 a|||||r|||| 00| 0
007 ta
008 221004b |||||||| |||| 00| 0 pan d
020 _c150
024 _a95204
037 _b72869, 31/12/2008, Arsee Publishers
_cTextual
040 _aCRL
_cCRL
_bpan
041 _2pan
_apan
082 _aV247.L, 153N9
100 _aਜੌਹਰ, ਸੁਰਿੰਦਰ ਸਿੰਘ
245 0 _aਸਿੱਖ ਸੰਘਰ
260 _aਦਿੱਲੀ
_bਆਰਸੀ ਪਬਲਿਰਗ਼ ਭਾਰਤ
_c1999
300 _a194ਪੰ
_ccm.
942 _hV247.L, 153N9
_cTEXL
_2cc
999 _c1025908
_d1025908